Score 0/11 Timer 05:00
0 Plays Today
Episode Musical Number % Correct
Patriot GamesShipoopi
73.5%
PTVThe Freakin' FCC
72.1%
420Bag of Weed
66.2%
Road to the MultiverseIt's a Wonderful Day for Pie
63.2%
Friends of Peter G.Mr. Booze
39.7%
E. Peterbus UnumCan't Touch Me
39.7%
Extra Large MediumDown Syndrome Girl
30.9%
Airport '07Prom Night Dumpster Baby
27.9%
The Cleveland-Loretta QuagmireYou Have AIDS
26.5%
Story of Brenda QIraq Lobster
25%
Stewie Kills Lois (Part 2)I've Got a Little List
13.8%
Remove Ads.
Support Sporcle.
Get the best of Sporcle when you Go Orange. This ad-free experience offers more features, more stats, and more fun while also helping to support Sporcle. Thank you for becoming a member.

You're not logged in!

Compare scores with friends on all Sporcle quizzes.
OR
Log In

Show Comments

Extras

Created Oct 8, 2013ReportNominate
Tags:Song Quiz, episode, Family, Guy

Top Quizzes Today


Score Distribution

Your Account Isn't Verified!

In order to create a playlist on Sporcle, you need to verify the email address you used during registration. Go to your Sporcle Settings to finish the process.

Report this User

Report this user for behavior that violates our Community Guidelines.

Details: